[Event "BL 9293 Erfurt-Dortmund"]
[Site "?"]
[Date "1992.??.??"]
[Round "?.3"]
[White "Heyken, E."]
[Black "Jasnikowski, Z."]
[Result "1/2-1/2"]
[WhiteElo "2410"]
[BlackElo "2455"]
[PlyCount "127"]
[EventDate "1992.??.??"]

1. e4 c5 2. g3 Nc6 3. Bg2 g6 4. Ne2 Bg7 5. O-O d6 6. d3 e5 7. Be3 Nge7 8. Qd2
O-O 9. a3 Nd4 10. Nbc3 Bh3 11. Nxd4 Bxg2 12. Nc6 bxc6 13. Kxg2 f5 14. Rad1 Rb8
15. Na4 Qd7 16. f4 Qe6 17. fxe5 Qxe5 18. Rde1 fxe4 19. Bf4 Qd5 20. c4 Qe6 21.
Rxe4 Qd7 22. Rfe1 Nf5 23. b4 cxb4 24. axb4 c5 25. b5 a6 26. Qa2 axb5 27. cxb5+
Kh8 28. b6 Qc6 29. Kh3 Ra8 30. Rb1 d5 31. b7 dxe4 32. bxa8=Q Rxa8 33. dxe4 Ne7
34. Qc4 Bd4 35. Nc3 Qf6 36. Ne2 g5 37. Nxd4 gxf4 38. Qe6 Rf8 39. Qxf6+ Rxf6 40.
Rb8+ Kg7 41. Nf5+ Nxf5 42. exf5 Rxf5 43. gxf4 Rxf4 44. Rc8 c4 45. Kg3 Rd4 46.
Kf3 Kg6 47. Rc5 h5 48. Ke3 Rh4 49. Kf3 Rh3+ 50. Kg2 Rc3 51. h4 Rc1 52. Kf3 c3
53. Ke3 Rh1 54. Rxc3 Rh3+ 55. Kd2 Rxh4 56. Ke2 Ra4 57. Rc5 Rf4 58. Rc1 h4 59.
Rf1 Ra4 60. Kf2 Kg5 61. Kg1 Kg4 62. Rb1 Ra3 63. Kh2 Ra2+ 64. Kg1 1/2-1/2

[Event "BL 9293 Erfurt-Dortmund"]
[Site "?"]
[Date "1992.??.??"]
[Round "?.4"]
[White "Mueller, Mat"]
[Black "Smagin, S."]
[Result "0-1"]
[WhiteElo "2395"]
[BlackElo "2520"]
[PlyCount "84"]
[EventDate "1992.??.??"]

1. e4 d5 2. exd5 Nf6 3. d4 Nxd5 4. c4 Nb6 5. Nf3 g6 6. c5 Nd5 7. Bc4 Bg7 8. Qb3
c6 9. Nc3 O-O 10. O-O Nxc3 11. bxc3 b5 12. cxb6 axb6 13. Re1 Ba6 14. Bg5 Bxc4
15. Qxc4 Re8 16. Rab1 b5 17. Qb3 Ra4 18. Ne5 Bxe5 19. dxe5 Na6 20. Rbd1 Qc8 21.
e6 f6 22. Be3 Nc7 23. Rd7 Rc4 24. Qa3 Nd5 25. Bd4 Ra4 26. Qc1 Rd8 27. Rxd8+
Qxd8 28. h4 Rc4 29. Qa3 Qc8 30. Qa7 c5 31. Qd7 cxd4 32. Qxd5 dxc3 33. Qxb5 c2
34. Rc1 Qxe6 35. h5 gxh5 36. Qxh5 Qd6 37. g3 Kg7 38. Qe2 Qc5 39. a4 h5 40. a5
h4 41. a6 hxg3 42. a7 Qxf2+ 0-1

[Event "BL 9293 Erfurt-Dortmund"]
[Site "?"]
[Date "1992.??.??"]
[Round "?.5"]
[White "Stein, B."]
[Black "Maiwald, JU."]
[Result "1/2-1/2"]
[WhiteElo "2370"]
[BlackElo "2375"]
[PlyCount "55"]
[EventDate "1992.??.??"]

1. b3 d5 2. Bb2 Bg4 3. Nf3 Nd7 4. g3 Ngf6 5. Bg2 e6 6. O-O Bd6 7. d3 O-O 8.
Nbd2 Qe7 9. c4 c6 10. Re1 Rfd8 11. Qc2 Ba3 12. Ne5 Nxe5 13. Bxe5 Bd6 14. Qb2 a5
15. Nf3 Bxf3 16. Bxf3 Bxe5 17. Qxe5 a4 18. cxd5 Nxd5 19. Rec1 axb3 20. axb3 Qb4
21. Bxd5 exd5 22. Rxa8 Rxa8 23. Ra1 Rf8 24. Qb2 Re8 25. d4 h5 26. h4 g6 27. e3
Kg7 28. Kg2 1/2-1/2

[Event "BL 9293 Erfurt-Dortmund"]
[Site "?"]
[Date "1992.??.??"]
[Round "?.6"]
[White "Schwarz, M."]
[Black "Buecker, S."]
[Result "1/2-1/2"]
[WhiteElo "2380"]
[BlackElo "2365"]
[PlyCount "89"]
[EventDate "1992.??.??"]

1. Nf3 f5 2. g3 Nf6 3. Bg2 d6 4. d4 g6 5. O-O Bg7 6. c4 O-O 7. Nc3 c6 8. d5 Qa5
9. Rb1 Ne4 10. b4 Nxc3 11. bxa5 Nxd1 12. Rxd1 cxd5 13. cxd5 Nd7 14. Nd4 Nc5 15.
Ba3 Ne4 16. Rb3 Bd7 17. Rxb7 Ba4 18. Rd3 Rfb8 19. Rxe7 Rb1+ 20. Bf1 Nc5 21.
Bxc5 dxc5 22. Ne6 Bf6 23. Rc7 c4 24. Re3 c3 25. Rexc3 Bxc3 26. Rxc3 Rd1 27. Kg2
Rb8 28. Nc5 Be8 29. e4 Bf7 30. Nd7 Rb7 31. Ne5 Rbb1 32. Nxf7 Kxf7 33. e5 Re1
34. e6+ Ke7 35. Ba6 Rb8 36. Rc7+ Kd6 37. Rd7+ Kc5 38. e7 Rb2 39. a4 g5 40. Bd3
Rd2 41. Bb5 a6 42. Rc7+ Kd6 43. Rd7+ Kc5 44. Rc7+ Kd6 45. Rd7+ 1/2-1/2

[Event "BL 9293 Erfurt-Dortmund"]
[Site "?"]
[Date "1992.??.??"]
[Round "?.7"]
[White "Busch, K."]
[Black "Brueggemann, Joa"]
[Result "0-1"]
[WhiteElo "2420"]
[BlackElo "2330"]
[PlyCount "74"]
[EventDate "1992.??.??"]

1. Nf3 d5 2. c4 e6 3. g3 Nf6 4. Bg2 Be7 5. O-O O-O 6. b3 c5 7. e3 Nc6 8. Bb2 b6
9. Nc3 Ba6 10. d3 Qd7 11. Qe2 Rad8 12. Rfd1 d4 13. exd4 Nxd4 14. Nxd4 cxd4 15.
Nb1 Rfe8 16. Nd2 e5 17. a3 Bb7 18. Bxb7 Qxb7 19. b4 Bf8 20. Re1 h6 21. Qf3 Qd7
22. Re2 Nh7 23. Rae1 Ng5 24. Qg2 f6 25. h4 Nf7 26. Qf3 f5 27. Qg2 g6 28. f4 Bg7
29. c5 bxc5 30. bxc5 Qb5 31. Nc4 e4 32. Qf1 Qxc5 33. Nd2 Qb5 34. Nc4 Rc8 35.
Ba1 Red8 36. Rb2 Qd5 37. Nd2 Nd6 0-1

[Event "BL 9293 Erfurt-Dortmund"]
[Site "?"]
[Date "1992.??.??"]
[Round "?.8"]
[White "Troyke, C."]
[Black "Dermann, G."]
[Result "1-0"]
[WhiteElo "2340"]
[BlackElo "2330"]
[PlyCount "89"]
[EventDate "1992.??.??"]

1. g3 Nf6 2. Bg2 d5 3. Nf3 e6 4. O-O Be7 5. d4 O-O 6. c4 b6 7. Nc3 Bb7 8. Ne5
Na6 9. cxd5 exd5 10. Bf4 c5 11. Rc1 Ne4 12. Nxe4 dxe4 13. dxc5 Nxc5 14. Nc4 Qd5
15. Nd6 Rfd8 16. Nxb7 Qxb7 17. Qc2 Rac8 18. Qb1 a5 19. Bh3 Ra8 20. b3 Qc6 21.
Rc4 Qg6 22. Bg2 f5 23. Rfc1 Bg5 24. Bxg5 Qxg5 25. Rd1 Qf6 26. Rcc1 Ra7 27.
Rxd8+ Qxd8 28. Rd1 Rd7 29. Rxd7 Qxd7 30. Qc1 Qd4 31. Bf1 Kf8 32. Qf4 Qf6 33. h4
g6 34. Qc7 h6 35. e3 Nd3 36. Qc8+ Kg7 37. Bxd3 exd3 38. Qd7+ Kg8 39. Qxd3 Qa1+
40. Kg2 Qxa2 41. Qd8+ Kg7 42. Qxb6 Qd2 43. Qd4+ Qxd4 44. exd4 Kf6 45. Kf3 1-0

[Event "BL 9293 Solingen-Erfurt"]
[Site "?"]
[Date "1992.??.??"]
[Round "?.1"]
[White "Kuczynski, R."]
[Black "Chandler, M."]
[Result "1/2-1/2"]
[WhiteElo "2525"]
[BlackElo "2575"]
[PlyCount "96"]
[EventDate "1992.??.??"]

1. e4 c5 2. Nf3 d6 3. d4 cxd4 4. Nxd4 Nf6 5. Nc3 Nc6 6. Bc4 Qb6 7. Nb3 e6 8.
Be3 Qc7 9. f4 Be7 10. Bd3 a6 11. O-O b5 12. Kh1 Bb7 13. a3 O-O 14. Qf3 Rfe8 15.
Qh3 g6 16. f5 exf5 17. exf5 Ne5 18. Bg5 Nfg4 19. f6 Bf8 20. Qg3 Nxd3 21. cxd3
Ne5 22. Rad1 Rac8 23. h3 Qd7 24. Kg1 Ba8 25. Qf4 h5 26. Bh6 Kh7 27. Bxf8 Rxf8
28. Rf2 Rfe8 29. Qg5 Qa7 30. Qh4 Qe3 31. Qd4 Qxd4 32. Nxd4 Nd7 33. Nc2 Re6 34.
Rdf1 Nc5 35. Rd1 Nd7 36. Rdf1 Kh6 37. h4 Ne5 38. Nb4 Bb7 39. d4 Ng4 40. d5 Re5
41. Rd2 Rc4 42. Nd3 Re8 43. Nc1 Ne5 44. g3 Rg4 45. Kh2 Rc8 46. Re2 Rcc4 47. Nb3
Rc7 48. Nd2 Rd4 1/2-1/2

[Event "BL 9293 Solingen-Erfurt"]
[Site "?"]
[Date "1992.??.??"]
[Round "?.2"]
[White "Podzielny, KH."]
[Black "Casper, T."]
[Result "0-1"]
[WhiteElo "2435"]
[BlackElo "2425"]
[PlyCount "58"]
[EventDate "1992.??.??"]

1. d4 Nf6 2. c4 d6 3. Nc3 Nbd7 4. e4 e5 5. Nf3 g6 6. Bg5 h6 7. Bh4 Bg7 8. d5
Bf8 9. Nd2 Be7 10. Rc1 Nxd5 11. cxd5 Bxh4 12. Nb5 O-O 13. Nxc7 Rb8 14. g3 Be7
15. b4 Nf6 16. Nb5 Bd7 17. a4 a6 18. Na3 Qb6 19. Rc4 Bxa4 20. Qxa4 Ng4 21. Rc3
Qxf2+ 22. Kd1 Rbc8 23. Rf3 Ne3+ 24. Rxe3 Qxe3 25. Nc2 Qf2 26. Be2 Rc3 27. Rf1
Qxh2 28. Qd7 Bg5 29. Nf3 Rxc2 0-1

[Event "BL 9293 Solingen-Erfurt"]
[Site "?"]
[Date "1992.??.??"]
[Round "?.3"]
[White "Jasnikowski, Z."]
[Black "Zysk, R."]
[Result "1/2-1/2"]
[WhiteElo "2455"]
[BlackElo "2440"]
[PlyCount "38"]
[EventDate "1992.??.??"]

1. d4 f5 2. c4 Nf6 3. Nf3 g6 4. Nc3 Bg7 5. g3 O-O 6. Bg2 d6 7. O-O e6 8. Qc2
Nc6 9. e4 fxe4 10. Nxe4 Nxe4 11. Qxe4 d5 12. Qd3 dxc4 13. Qxc4 Qd5 14. Qxd5
exd5 15. Bf4 Bf5 16. Rfd1 Be4 17. Ne5 Bxg2 18. Kxg2 Nxe5 19. Bxe5 c6 1/2-1/2

[Event "BL 9293 Solingen-Erfurt"]
[Site "?"]
[Date "1992.??.??"]
[Round "?.4"]
[White "Reeh, O."]
[Black "Maiwald, JU."]
[Result "1-0"]
[WhiteElo "2455"]
[BlackElo "2375"]
[PlyCount "81"]
[EventDate "1992.??.??"]

1. e4 e6 2. d4 d5 3. Nc3 Bb4 4. e5 c5 5. Bd2 Ne7 6. Nb5 Bxd2+ 7. Qxd2 O-O 8.
dxc5 Nd7 9. Qc3 a6 10. Nd6 Qc7 11. O-O-O Ng6 12. Nf3 f6 13. exf6 gxf6 14. g3
Nxc5 15. Nxc8 Raxc8 16. Bh3 f5 17. Rhe1 Qb6 18. Nd4 Kf7 19. f3 Rc7 20. Re2 Rfc8
21. a3 e5 22. Qb4 Qf6 23. Nxf5 Rd8 24. Kb1 Kg8 25. Ne3 Qxf3 26. Bg4 Qf7 27. Rf1
Qe8 28. c4 dxc4 29. Qxc4+ Kh8 30. Nf5 Qa4 31. Qxa4 Nxa4 32. h4 Rf7 33. Rfe1 Nc5
34. h5 Ne7 35. Nxe7 Rxe7 36. Rxe5 Rc7 37. h6 Kg8 38. Bh5 Rcc8 39. Rg5+ Kf8 40.
Rf1+ Ke7 41. Rg7+ 1-0

[Event "BL 9293 Solingen-Erfurt"]
[Site "?"]
[Date "1992.??.??"]
[Round "?.5"]
[White "Schwarz, M."]
[Black "Schaefer, Ma"]
[Result "1-0"]
[WhiteElo "2380"]
[BlackElo "2435"]
[PlyCount "99"]
[EventDate "1992.??.??"]

1. g3 g6 2. Bg2 Bg7 3. d4 d6 4. e4 Nd7 5. Ne2 e5 6. O-O Ngf6 7. c4 O-O 8. Nbc3
Nh5 9. Be3 f5 10. Qd2 Nhf6 11. Rad1 exd4 12. Bxd4 fxe4 13. Nxe4 Nxe4 14. Bxe4
Ne5 15. f4 Nc6 16. Bd5+ Kh8 17. Bxg7+ Kxg7 18. Nd4 Nxd4 19. Qxd4+ Qf6 20. Rfe1
Qxd4+ 21. Rxd4 Kf6 22. Rd2 Rb8 23. Rde2 Bg4 24. Re3 Bf5 25. Kg2 c6 26. Bf3 h5
27. h3 Rbd8 28. g4 hxg4 29. hxg4 Bd7 30. Rd3 Be6 31. b3 d5 32. Rde3 Rfe8 33.
cxd5 cxd5 34. Kg3 b6 35. f5 gxf5 36. g5+ Kxg5 37. Rxe6 Rxe6 38. Rxe6 d4 39. Re5
Rc8 40. Rxf5+ Kxf5 41. Bg4+ Ke4 42. Bxc8 Kd3 43. Kf4 Kc3 44. Ke4 d3 45. Bg4 Kc2
46. Kd4 Kb2 47. Kxd3 Kxa2 48. Kc3 Ka3 49. Bc8 Ka2 50. Ba6 1-0

[Event "BL 9293 Solingen-Erfurt"]
[Site "?"]
[Date "1992.??.??"]
[Round "?.6"]
[White "Thesing, M."]
[Black "Brueggemann, Joa"]
[Result "1-0"]
[WhiteElo "2410"]
[BlackElo "2330"]
[PlyCount "41"]
[EventDate "1992.??.??"]

1. e4 c5 2. Nc3 Nc6 3. Bb5 d6 4. Bxc6+ bxc6 5. f4 c4 6. Nf3 Nf6 7. O-O d5 8.
Qe1 dxe4 9. Nxe4 Bf5 10. Nxf6+ gxf6 11. Qd1 e6 12. b3 Bc5+ 13. Kh1 Bd4 14. Rb1
c3 15. d3 Bg4 16. Qe1 Bxf3 17. Rxf3 f5 18. Be3 c5 19. b4 Rc8 20. bxc5 Bxc5 21.
Qxc3 1-0

[Event "BL 9293 Solingen-Erfurt"]
[Site "?"]
[Date "1992.??.??"]
[Round "?.7"]
[White "Voekler, B."]
[Black "Beckemeyer, W."]
[Result "1/2-1/2"]
[WhiteElo "2300"]
[BlackElo "2390"]
[PlyCount "68"]
[EventDate "1992.??.??"]

1. e4 e5 2. Nf3 Nc6 3. Bb5 a6 4. Ba4 Nf6 5. O-O Nxe4 6. d4 b5 7. Bb3 d5 8. dxe5
Be6 9. Be3 Bc5 10. Qe2 O-O 11. Nbd2 Bxe3 12. Qxe3 Nxd2 13. Qxd2 Qe7 14. Rfe1
Rad8 15. c3 Na5 16. Bc2 Nc4 17. Qd3 g6 18. b3 Na3 19. Bd1 c5 20. Qd2 a5 21. Qh6
f6 22. exf6 Qxf6 23. Qe3 Bg4 24. Qxc5 Bxf3 25. Bxf3 Nc2 26. Rac1 Nxe1 27. Rxe1
Kh8 28. Rd1 Rfe8 29. h3 Rc8 30. Qxb5 Qxc3 31. Qxd5 Re1+ 32. Rxe1 Qxe1+ 33. Kh2
Qc3 34. g3 Rf8 1/2-1/2

[Event "BL 9293 Solingen-Erfurt"]
[Site "?"]
[Date "1992.??.??"]
[Round "?.8"]
[White "Schmidt, B."]
[Black "Troyke, C."]
[Result "1-0"]
[WhiteElo "2340"]
[BlackElo "2340"]
[PlyCount "85"]
[EventDate "1992.??.??"]

1. Nf3 Nf6 2. d4 g6 3. c4 Bg7 4. Nc3 O-O 5. e3 c5 6. d5 d6 7. Be2 e5 8. Nd2 Ne8
9. O-O f5 10. f4 Nd7 11. Nf3 h6 12. g3 Qe7 13. Qc2 e4 14. Ne1 Nc7 15. Bd2 a6
16. a4 b6 17. Rb1 Rb8 18. b4 cxb4 19. Rxb4 a5 20. Rb1 Nc5 21. Qa2 Bd7 22. Nc2
Qe8 23. Nb5 Bxb5 24. axb5 Kh7 25. Nd4 Qf7 26. Qc2 Ne8 27. Bc3 Nf6 28. Rbd1 Rfe8
29. Nc6 Rb7 30. Bd4 Ncd7 31. Kh1 Rc7 32. Rg1 Rg8 33. g4 fxg4 34. Bxg4 Nxg4 35.
Rxg4 Bxd4 36. Rxd4 Nc5 37. Rd1 Qf6 38. Rdg1 Rcg7 39. Nd4 Rc8 40. Qg2 Rcg8 41.
Rg3 Qf7 42. Qh3 Qf6 43. Qxh6+ 1-0

[Event "BL 9293 Dortmund-Dresden"]
[Site "?"]
[Date "1992.??.??"]
[Round "?.1"]
[White "Bologan, V."]
[Black "Dolmatov, S."]
[Result "1/2-1/2"]
[WhiteElo "2555"]
[BlackElo "2610"]
[PlyCount "55"]
[EventDate "1992.??.??"]

1. e4 e6 2. d4 d5 3. Nc3 Nf6 4. e5 Nfd7 5. Nce2 c5 6. c3 Qb6 7. Nf3 f6 8. exf6
Nxf6 9. g3 Nc6 10. Bg2 Bd6 11. O-O O-O 12. Qb3 Qxb3 13. axb3 cxd4 14. cxd4 Nh5
15. Ne1 Bd7 16. Nd3 Nb4 17. Nxb4 Bxb4 18. Nc3 a6 19. Bd2 Bd6 20. Rfe1 Nf6 21.
Re2 Kf7 22. Rae1 Rfe8 23. f4 g6 24. Bf3 Bb8 25. g4 Ba7 26. Be3 Bc6 27. Bf2 Rad8
28. Rd1 1/2-1/2

[Event "BL 9293 Dortmund-Dresden"]
[Site "?"]
[Date "1992.??.??"]
[Round "?.2"]
[White "Schmittdiel, E."]
[Black "Uhlmann, W."]
[Result "0-1"]
[WhiteElo "2480"]
[BlackElo "2480"]
[PlyCount "70"]
[EventDate "1992.??.??"]

1. e4 e6 2. d4 d5 3. Nc3 Bb4 4. exd5 exd5 5. Bd3 Nc6 6. a3 Ba5 7. Nge2 Nge7 8.
O-O O-O 9. Na4 Bf5 10. Nc5 Qc8 11. Bg5 Bb6 12. b4 Bxc5 13. dxc5 Re8 14. Re1
Bxd3 15. Qxd3 Ne5 16. Qc3 f6 17. Bf4 N7g6 18. Bg3 c6 19. Nd4 Qd7 20. Re2 Nc4
21. Rae1 Rxe2 22. Rxe2 Re8 23. f3 Rxe2 24. Nxe2 Ne7 25. Nd4 Nf5 26. Bf2 Nxd4
27. Bxd4 Qf5 28. a4 Qf4 29. b5 Qc1+ 30. Kf2 Na3 31. bxc6 bxc6 32. Kg3 Nxc2 33.
Bf2 Qg5+ 34. Kh3 Qh5+ 35. Kg3 Qe5+ 0-1

[Event "BL 9293 Dortmund-Dresden"]
[Site "?"]
[Date "1992.??.??"]
[Round "?.3"]
[White "Kaminski, U."]
[Black "Heyken, E."]
[Result "0-1"]
[WhiteElo "2400"]
[BlackElo "2410"]
[PlyCount "63"]
[EventDate "1992.??.??"]

1. e4 e6 2. d4 d5 3. Nc3 Nf6 4. Bg5 Be7 5. e5 Nfd7 6. Bxe7 Qxe7 7. f4 a6 8. Nf3
b6 9. Be2 c5 10. O-O Nc6 11. Kh1 f5 12. exf6 Nxf6 13. Qd2 O-O 14. Rae1 Qd6 15.
Bd1 Bb7 16. Qe3 Rae8 17. Ne2 cxd4 18. Nfxd4 e5 19. Nxc6 Bxc6 20. Qxb6 d4 21.
Qa5 Nd5 22. Qd2 Ne3 23. Rg1 Qg6 24. Nc1 Rxf4 25. Rxe3 dxe3 26. Qxe3 Rf1 27. Qe2
Rxg1+ 28. Kxg1 Rd8 29. Nd3 Be4 30. Ne1 Qb6+ 31. Kh1 Qd4 32. Nd3 0-1

[Event "BL 9293 Dortmund-Dresden"]
[Site "?"]
[Date "1992.??.??"]
[Round "?.4"]
[White "Smagin, S."]
[Black "Borriss, M."]
[Result "1-0"]
[WhiteElo "2520"]
[BlackElo "2375"]
[PlyCount "75"]
[EventDate "1992.??.??"]

1. e4 c5 2. c3 Nf6 3. e5 Nd5 4. Nf3 e6 5. d4 cxd4 6. cxd4 b6 7. Nc3 Nxc3 8.
bxc3 Qc7 9. Bd2 d6 10. Bb5+ Bd7 11. a4 Nc6 12. exd6 Bxd6 13. O-O O-O 14. Re1
Ne7 15. Qe2 Rac8 16. Ba6 Rb8 17. h4 Bf4 18. Bxf4 Qxf4 19. Ne5 Bc8 20. g3 Qf5
21. Bd3 Qh3 22. Be4 Ng6 23. Nc6 Rb7 24. Bg2 Qf5 25. d5 exd5 26. h5 Qd7 27. Qb5
Rc7 28. Qxd5 Qxd5 29. Bxd5 Be6 30. hxg6 Bxd5 31. Ne7+ Rxe7 32. Rxe7 hxg6 33.
Rxa7 Rc8 34. Ra6 Rc6 35. a5 Bf3 36. axb6 Rc5 37. R6a5 Rxc3 38. R5a3 1-0

[Event "BL 9293 Dortmund-Dresden"]
[Site "?"]
[Date "1992.??.??"]
[Round "?.5"]
[White "Goldberg, A."]
[Black "Stein, B."]
[Result "1/2-1/2"]
[WhiteElo "2365"]
[BlackElo "2370"]
[PlyCount "55"]
[EventDate "1992.??.??"]

1. e4 c5 2. Nf3 e6 3. d4 cxd4 4. Nxd4 Nf6 5. Nc3 Nc6 6. Ndb5 Bb4 7. a3 Bxc3+ 8.
Nxc3 d5 9. exd5 exd5 10. Bd3 O-O 11. O-O h6 12. Bf4 d4 13. Nb5 Nd5 14. Qf3 Be6
15. Bg3 Qd7 16. Rfe1 Bg4 17. Qe4 f5 18. Qe6+ Qxe6 19. Rxe6 f4 20. Rd6 fxg3 21.
Rxd5 gxf2+ 22. Kf1 Rae8 23. h3 Be6 24. Rd6 Bf5 25. Bc4+ Kh8 26. Nxd4 Nxd4 27.
Rxd4 Bxc2 28. Rd2 1/2-1/2

[Event "BL 9293 Dortmund-Dresden"]
[Site "?"]
[Date "1992.??.??"]
[Round "?.6"]
[White "Buecker, S."]
[Black "Heinatz, T."]
[Result "1-0"]
[WhiteElo "2365"]
[BlackElo "2355"]
[PlyCount "95"]
[EventDate "1992.??.??"]

1. f4 c5 2. b3 Nc6 3. Nf3 Nf6 4. Bb2 e6 5. e3 Be7 6. Bb5 Qc7 7. O-O a6 8. Bd3
b6 9. a3 Bb7 10. Qe2 h6 11. Nc3 d5 12. Nd1 g5 13. c4 d4 14. exd4 cxd4 15. b4
gxf4 16. Nf2 Rg8 17. Ne4 Ng4 18. b5 Nce5 19. bxa6 Bxa6 20. Bxd4 Nxd3 21. Qxd3
Qxc4 22. Qxc4 Bxc4 23. Rfe1 f5 24. Nc3 b5 25. h3 Nf6 26. d3 Bxd3 27. Rxe6 Kf7
28. Rb6 Be4 29. Ne5+ Kf8 30. Nxe4 fxe4 31. Nc6 Rg6 32. Rxb5 f3 33. g4 Nd7 34.
Rf5+ Ke8 35. Ne5 Rd6 36. Bc3 Bf6 37. Nc4 Bxc3 38. Nxd6+ Ke7 39. Rd1 Nf6 40. Rc5
Rxa3 41. Nf5+ Ke6 42. Rd6+ Kf7 43. Rc7+ Kf8 44. Rd8+ Ne8 45. Re7 Ra1+ 46. Kh2
Ra2+ 47. Kg3 Be1+ 48. Kf4 1-0

[Event "BL 9293 Dortmund-Dresden"]
[Site "?"]
[Date "1992.??.??"]
[Round "?.7"]
[White "Andresen, S."]
[Black "Busch, K."]
[Result "1/2-1/2"]
[WhiteElo "2340"]
[BlackElo "2420"]
[PlyCount "51"]
[EventDate "1992.??.??"]

1. d4 Nf6 2. c4 c5 3. d5 b5 4. cxb5 a6 5. bxa6 g6 6. Nc3 Bxa6 7. Nf3 d6 8. g3
Bg7 9. Bg2 Nbd7 10. O-O Nb6 11. Re1 O-O 12. e4 Nfd7 13. Qc2 Nc4 14. Bf1 Nde5
15. Nxe5 Nxe5 16. Kg2 Qa5 17. f4 Bxf1+ 18. Rxf1 Nc4 19. Rf3 Rfb8 20. Rb1 Rb7
21. a4 Qb4 22. b3 Bxc3 23. Rxc3 Na3 24. Bxa3 Qxa3 25. h4 Rb4 26. Re1 1/2-1/2

[Event "BL 9293 Dortmund-Dresden"]
[Site "?"]
[Date "1992.??.??"]
[Round "?.8"]
[White "Dermann, G."]
[Black "Wegener, D."]
[Result "1/2-1/2"]
[WhiteElo "2330"]
[BlackElo "2310"]
[PlyCount "122"]
[EventDate "1992.??.??"]

1. d4 Nf6 2. Nf3 g6 3. c4 Bg7 4. Nc3 O-O 5. e4 d6 6. Be2 e5 7. O-O Nc6 8. d5
Ne7 9. Be3 Nh5 10. Nd2 Nf4 11. c5 f5 12. cxd6 cxd6 13. f3 Bd7 14. Nb5 Bh6 15.
Bxf4 Bxf4 16. a4 Nc8 17. Qe1 Nb6 18. b3 Bxb5 19. Bxb5 a6 20. Bd3 Nd7 21. Nc4
Nc5 22. Bc2 b5 23. axb5 axb5 24. Rxa8 Qxa8 25. Na5 fxe4 26. fxe4 Qxa5 27. Qxa5
Be3+ 28. Rf2 Rxf2 29. g3 Rxc2+ 30. Kh1 Bg5 31. h4 Be7 32. Qc7 Kf7 33. b4 Rc1+
34. Kh2 Nb3 35. Qb8 Rc2+ 36. Kh3 h5 37. Qxb5 Nd4 38. Qd3 Rb2 39. Qc3 Rb3 40.
Qc4 Rb1 41. Kg2 Rb2+ 42. Kf1 Rb3 43. Kg2 Re3 44. Qf1+ Kg7 45. Qc4 Re2+ 46. Kf1
Kf7 47. Qd3 g5 48. hxg5 Bxg5 49. Qa6 Be3 50. Qb7+ Kg6 51. Qb8 Rf2+ 52. Ke1 Nf3+
53. Kd1 Rd2+ 54. Kc1 Rxd5+ 55. Kb1 Rd1+ 56. Kc2 Rd2+ 57. Kc3 Ng5 58. Qg8+ Kf6
59. Qd8+ Kg6 60. Qg8+ Kf6 61. Qd8+ Kg6 1/2-1/2

[Event "BL 9293 Stadthagen-Empor Berlin"]
[Site "?"]
[Date "1993.??.??"]
[Round "?.1"]
[White "Muse, M."]
[Black "Sax, G."]
[Result "1/2-1/2"]
[WhiteElo "2490"]
[BlackElo "2570"]
[PlyCount "55"]
[EventDate "1993.??.??"]

1. d4 Nf6 2. Nf3 e6 3. e3 b6 4. Bd3 c5 5. O-O Bb7 6. c4 Be7 7. Nc3 cxd4 8. exd4
d6 9. Re1 O-O 10. Qe2 Re8 11. Ng5 Bf8 12. Nce4 Nbd7 13. Qf3 Qc7 14. Nxf6+ Nxf6
15. Qg3 g6 16. Bd2 Bg7 17. Rac1 Rac8 18. b3 Qd8 19. Qh3 Qd7 20. Qh4 Qd8 21. Qh3
Qd7 22. Qh4 Ba6 23. Nf3 Qc7 24. Bg5 Nd7 25. Bh6 Qd8 26. Bg5 Qc7 27. Bh6 Qd8 28.
Bg5 1/2-1/2

[Event "BL 9293 Stadthagen-Empor Berlin"]
[Site "?"]
[Date "1993.??.??"]
[Round "?.2"]
[White "Khalifman, A."]
[Black "Poldauf, D."]
[Result "1-0"]
[WhiteElo "2630"]
[BlackElo "2400"]
[PlyCount "83"]
[EventDate "1993.??.??"]

1. e4 e6 2. d4 d5 3. Nc3 Bb4 4. e5 c5 5. a3 Bxc3+ 6. bxc3 Ne7 7. h4 Qa5 8. Bd2
cxd4 9. cxd4 Qa4 10. Nf3 b6 11. h5 Ba6 12. h6 gxh6 13. Bxh6 Bxf1 14. Kxf1 Nd7
15. Bd2 Rc8 16. c3 Qxd1+ 17. Rxd1 b5 18. Ke2 f6 19. exf6 Nxf6 20. Rb1 a6 21. a4
bxa4 22. Rb7 Ne4 23. Rh6 Ng6 24. Ne5 O-O 25. Nxg6 Rxf2+ 26. Ke1 hxg6 27. Rxg6+
Kh8 28. Rh6+ Kg8 29. Rg6+ Kh8 30. Bh6 a3 31. Bg7+ Kg8 32. Bh6+ Kh8 33. Bg7+ Kg8
34. Be5+ Kf8 35. Rh6 Ke8 36. Bg7 Rf8 37. Rxe6+ Kd8 38. Bxf8 Rxc3 39. Rxa6 Rc1+
40. Ke2 Rc2+ 41. Ke3 Rc3+ 42. Kf4 1-0

[Event "BL 9293 Stadthagen-Empor Berlin"]
[Site "?"]
[Date "1993.??.??"]
[Round "?.3"]
[White "Stern, R."]
[Black "Lobron, E."]
[Result "1-0"]
[WhiteElo "2345"]
[BlackElo "2620"]
[PlyCount "100"]
[EventDate "1993.??.??"]

1. d4 Nf6 2. c4 e6 3. Nf3 b6 4. g3 Ba6 5. b3 b5 6. Bg2 bxc4 7. Ne5 Bb4+ 8. Kf1
d5 9. bxc4 O-O 10. Bg5 c6 11. c5 h6 12. Bxf6 Qxf6 13. f4 Qd8 14. Bh3 Re8 15.
Qa4 Qa5 16. Qc2 Qc7 17. Kf2 f6 18. Nf3 Nd7 19. Nbd2 f5 20. Bg2 Qa5 21. a3 Bxd2
22. Qxd2 Qc7 23. Rhb1 Reb8 24. Rb4 Bb5 25. Rab1 a5 26. R4b2 a4 27. e3 Kh7 28.
Qc2 Qa7 29. g4 Qa6 30. Ne1 g6 31. Bf3 Qc8 32. h4 Nf6 33. g5 Ne4+ 34. Kg2 Ra7
35. Nd3 Bxd3 36. Qxd3 Rab7 37. Rb6 Rxb6 38. Rxb6 Rxb6 39. cxb6 Qb7 40. Bxe4
fxe4 41. Qb1 hxg5 42. hxg5 e5 43. Qh1+ Kg8 44. Qh6 Qxb6 45. Qxg6+ Kf8 46. Qf6+
Ke8 47. g6 Qb2+ 48. Kh3 Qxa3 49. Qxc6+ Ke7 50. Qc7+ Ke8 1-0

[Event "BL 9293 Stadthagen-Empor Berlin"]
[Site "?"]
[Date "1993.??.??"]
[Round "?.5"]
[White "Thinius, M."]
[Black "Keitlinghaus, L."]
[Result "0-1"]
[WhiteElo "2310"]
[BlackElo "2455"]
[PlyCount "42"]
[EventDate "1993.??.??"]

1. Nf3 d5 2. d4 Bf5 3. c4 e6 4. Qb3 Nc6 5. Bd2 Rb8 6. e3 Nf6 7. Be2 Be7 8. O-O
O-O 9. Rc1 Ne4 10. Be1 a6 11. cxd5 exd5 12. Nc3 Nxc3 13. Bxc3 Re8 14. Qa4 Bd6
15. b4 Re6 16. b5 axb5 17. Qxb5 Rh6 18. g3 Ne7 19. Qb3 b6 20. Ne5 Qc8 21. Qd1
Ba3 0-1

[Event "BL 9293 Stadthagen-Empor Berlin"]
[Site "?"]
[Date "1993.??.??"]
[Round "?.6"]
[White "Heissler, J."]
[Black "Rosenthal, D."]
[Result "1-0"]
[WhiteElo "2410"]
[BlackElo "2330"]
[PlyCount "97"]
[EventDate "1993.??.??"]

1. e4 e6 2. d4 d5 3. Nc3 Bb4 4. e5 c5 5. a3 Bxc3+ 6. bxc3 Ne7 7. Qg4 Qc7 8.
Qxg7 Rg8 9. Qxh7 cxd4 10. Ne2 Nbc6 11. f4 Bd7 12. Qd3 dxc3 13. Nxc3 a6 14. Rb1
Na5 15. Bd2 Nc4 16. Ne2 Bb5 17. Nd4 Nxe5 18. Qc3 Nc4 19. g3 Nc6 20. Nxb5 axb5
21. Rxb5 Rxa3 22. Rb3 Ra4 23. Bxc4 Rxc4 24. Qb2 Na5 25. Rb6 Re4+ 26. Kd1 Nc4
27. Qb5+ Kf8 28. Rxb7 Nd6 29. Rxc7 Nxb5 30. Rc8+ Kg7 31. Rxg8+ Kxg8 32. Re1 Rc4
33. Re3 Nd6 34. Rc3 Ra4 35. Ke2 Ra1 36. Be1 Kh7 37. g4 Ra4 38. Kf3 Nb5 39. Rc5
Ra3+ 40. Kg2 Nd6 41. Rc7 Nc4 42. Bf2 Kg6 43. h4 f5 44. h5+ Kh6 45. g5+ Kxh5 46.
Rh7+ Kg6 47. Rh6+ Kf7 48. Bd4 e5 49. fxe5 1-0

[Event "BL 9293 Stadthagen-Empor Berlin"]
[Site "?"]
[Date "1993.??.??"]
[Round "?.7"]
[White "Kimpinsky, F."]
[Black "Schirm, F."]
[Result "0-1"]
[WhiteElo "2310"]
[BlackElo "2340"]
[PlyCount "92"]
[EventDate "1993.??.??"]

1. e4 c5 2. Nf3 Nc6 3. Bb5 g6 4. O-O Bg7 5. Re1 Nf6 6. c3 O-O 7. h3 a6 8. Bf1
e5 9. d4 cxd4 10. cxd4 exd4 11. Nxd4 Nxd4 12. Qxd4 Re8 13. e5 d6 14. Rd1 Nd7
15. Qxd6 Bxe5 16. Qd5 Qf6 17. Nc3 Nb6 18. Qc5 Bf5 19. Be3 Re6 20. Rac1 Rc6 21.
Qa5 Bc7 22. Qb4 a5 23. Qb5 Re8 24. Ne2 Re5 25. Qb3 Be6 26. Rxc6 bxc6 27. Qc3
Nd5 28. Qxc6 Nxe3 29. fxe3 Qe7 30. Rc1 Bd6 31. e4 Bd7 32. Qa8+ Kg7 33. Nc3 Rg5
34. Be2 Bxh3 35. Bf3 Qe5 36. Rc2 Qh2+ 37. Kf2 Bc5+ 38. Ke2 Bxg2 39. Bxg2 Rxg2+
40. Kd3 Rxc2 41. Kc4 Be7 42. Qb7 Bf6 43. Qd5 Qd2 44. Kb5 Qxd5+ 45. Nxd5 Rxb2+
46. Kxa5 Rxa2+ 0-1